General Knowledge Quiz - Statistics

General Stats
  • This quiz has been taken 45 times
  • The average score is 9 of 15
Answer Stats
Hint Answer % Correct
True or false: an Emu can fly? False
100%
Which came first: Twitter or Instagram? Twitter
100%
Who painted The Mona Lisa? Leonardo da Vinci
93%
What is the smallest country in the world? The Vatican
90%
How many Brontë sisters are there? 5
86%
Which city do The Beatles come from? Liverpool
83%
Which planet has the most moons? Saturn
71%
How many time zones are there in Russia? 11
60%
Gouda is a cheese originating from which country? The Netherlands
57%
In which month is Saint George's day celebrated? April
52%
How many keys does a classic piano have? 88
45%
Which singer has the most U.K. number one singles ever? Elvis Presley
19%
Glossectomy is the removal of all of or part of which body part? Tongue
19%
Which year was the first London Marathon held? 1981
10%
What was the most watched series on Netflix in 2019? Stranger Things
10%
No matching quizzes found
Score Distribution
Percent of People with Each Score
Percentile by Number Answered
Your Score History
You have not taken this quiz